header

The avian brood parasites (Record no. 107600)

MARC details
000 -LEADER
fixed length control field 01186nam a2200313Ia 4500
082 04 - DEWEY DECIMAL CLASSIFICATION NUMBER
Classification number 598.2556
100 1# - MAIN ENTRY--AUTHOR NAME
Personal name Johnsgard, Paul A.
245 14 - TITLE STATEMENT
Title The avian brood parasites
260 ## - PUBLICATION, DISTRIBUTION, ETC. (IMPRINT)
Place of publication New York :
Name of publisher Oxford University Press,
Year of publication 1997.
300 ## - PHYSICAL DESCRIPTION
Number of Pages xii, 409 p. :
Other physical details ill.
650 #0 - SUBJECT ADDED ENTRY--TOPICAL TERM
Topical Term Parasitic birds.
Topical Term Brood parasites.
856 40 - ELECTRONIC LOCATION AND ACCESS
Uniform Resource Identifier http://site.ebrary.com/lib/rucke/Doc?id=10358348

No items available.

© 2026 Rongo University
Contact us: librarian | system librarian | Rongo university